Statistiken für Städte und Gemeinden im Landkreis Lüneburg mit Karte

Klicken Sie hier um das Quiz zu spielen!

Allgemein

  • Dieses Quiz wurde 96 mal gespielt
  • Das Durchschnittsergebnis liegt bei 17 aus 43

Antworten auf der Karte

Die Antworten werden auf der Karte rot bzw. grün angezeigt, abhängig davon wie oft sie richtig erraten wurden.
 

Antwortstatistiken

Stadt oder Gemeinde% Korrekt
Lüneburg
91%
Adendorf
68%
Bardowick
66%
Amelinghausen
64%
Deutsch Evern
64%
Reppenstedt
62%
Wendisch Evern
62%
Melbeck
57%
Scharnebeck
55%
Dahlenburg
51%
Embsen
51%
Vögelsen
49%
Radbruch
47%
Amt Neuhaus
45%
Bleckede
45%
Kirchgellersen
45%
Echem
40%
Handorf
40%
Neetze
40%
Südergellersen
38%
Westergellersen
38%
Barendorf
34%
Mechtersen
34%
Barum
32%
Hohnstorf (Elbe)
32%
Thomasburg
32%
Vastorf
32%
Wittorf
32%
Brietlingen
30%
Lüdersburg
30%
Artlenburg
26%
Betzendorf
26%
Oldendorf (Luhe)
26%
Boitze
23%
Hittbergen
23%
Reinstorf
23%
Rehlingen
21%
Soderstorf
21%
Barnstedt
19%
Nahrendorf
19%
Tosterglope
17%
Dahlem
15%
Rullstorf
15%

Verteilung der Resultate

Perzentil nach korrekt beantworteten Fragen

Anzahl Personen mit jedem Resultat

Ihre Resultats-Entwicklung

Sie haben dieses Quiz noch nicht gespielt